| 000 | 00000nam##2200000za#4500 |
| 001 | 9.692299 |
| 003 | CaOODSP |
| 005 | 20230202144025 |
| 007 | cr ||||||||||| |
| 008 | 150407|2008||||xxc|||||o f|0| 0 eng|d |
| 020 | |a978-1-100-12966-2 |
| 040 | |aCaOODSP|beng |
| 043 | |an-cn--- |
| 086 | 1 |aHP20-14/2008E-PDF |
| 110 | 2 |aNational Clearinghouse on Family Violence (Canada). |
| 245 | 10|aBreaking the links between poverty and violence against women : |h[electronic resource]|ba resource guide |
| 260 | |aOttawa - Ontario : |bPublic Health Agency of Canada. |cc2008. |
| 300 | |a45p.|bfigs., references, photographs |
| 590 | |a12-24-Supp|b2012-05-30 |
| 690 | 07|aPoverty|2gcpds |
| 690 | 07|aViolence against women|2gcpds |
| 775 | 08|tDéfaire les liens entre la pauvreté et la violence faite aux femmes : |w(CaOODSP)9.636563 |
| 776 | 0#|tBreaking the links between poverty and violence against women : |w(CaOODSP)9.651289 |
| 856 | 40|ahttp://publications.gc.ca|qPDF|s8146 KB|uhttps://publications.gc.ca/collections/collection_2012/aspc-phac/HP20-14-2008-eng.pdf |